| 000 | 01223cam a2200157 4500500 | ||
|---|---|---|---|
| 005 | 20251214030610.0 | ||
| 041 | _afre | ||
| 042 | _adc | ||
| 100 | 1 | 0 |
_aVallin, Pierre _eauthor |
| 245 | 0 | 0 | _aBulletin of Ecclesiology |
| 260 | _c2001. | ||
| 500 | _a40 | ||
| 520 | _aBeginning with the idea of “folly“ in St. Paul (1 Cor. 1, 18-31), Fr. Le Gal explores the theme of “the holy folly of God“ that is nothing other than the revelation of his mad love for man. Examining first of ail the polysemy of the term, his reflection in the first part is on Jesus Christ as “man of derision and God of folly“, examining in passing the parable as the area of “christic irony“. In the second part, it is Paul who reveals, at the same time, the christological, theological, and spiritual content of folly in the tension between the scandai of the cross and the risk for the apostle and the believer not to be accepted. It is there, nevertheless, that the “holy folly“ manifests itself. | ||
| 786 | 0 | _nRecherches de Science Religieuse | Volume 89 | 3 | 2001-09-01 | p. 443-475 | 0034-1258 | |
| 856 | 4 | 1 | _uhttps://shs.cairn.info/journal-recherches-de-science-religieuse-2001-3-page-443?lang=en&redirect-ssocas=7080 |
| 999 |
_c1574019 _d1574019 |
||